Sinaloa : (Record no. 87080)

MARC details
000 -LEADER
fixed length control field 00464cam a2200145 a 4500
008 - FIXED-LENGTH DATA ELEMENTS--GENERAL INFORMATION
fixed length control field 040126s1993 mx 000 0 spa u
050 #0 - LIBRARY OF CONGRESS CALL NUMBER
Classification number F1341 .42 .B55
Item number V35 1993
100 1# - MAIN ENTRY--PERSONAL NAME
Personal name Valdez Aguilar, Rafael
245 10 - TITLE STATEMENT
Title Sinaloa :
Remainder of title negritud y olvido /
Statement of responsibility, etc Rafael Valdez Aguilar.
260 ## - PUBLICATION, DISTRIBUTION, ETC. (IMPRINT)
Place of publication, distribution, etc Culiacán, Sinaloa, México :
Name of publisher, distributor, etc El Diario de Sinaloa,
Date of publication, distribution, etc 1993.
300 ## - PHYSICAL DESCRIPTION
Extent 159 p. ;
Dimensions 21 cm.
650 #0 - SUBJECT ADDED ENTRY--TOPICAL TERM
Topical term or geographic name as entry element Negros en Sinaloa
General subdivision Historia
942 ## - ADDED ENTRY ELEMENTS (KOHA)
Source of classification or shelving scheme Biblioteca del Cogreso de los Estados Unidos
Koha item type Libro
Holdings
Estado de pérdida Fuente de clasificación Estado del daño No para préstamo Ubicación permanente Ubicación actual Apartado o colección Fecha de adquisición Fuente de adquisición Edición Dependencia de educación superior (DES) Área del conocimiento Clasificación Código de Barras Date last seen Número de copia Tipo de recurso
  Biblioteca del Cogreso de los Estados Unidos     Biblioteca del Instituto de Investigaciones Históricas Biblioteca del Instituto de Investigaciones Históricas General 28/05/2018 Donación 1a ed. Humanidades Ciencias Sociales y Administrativas F1341 .42 .B55 V35 1993 IIH000021946 28/05/2018 C:1 Libro